000 00746nam a2200217 a 4500
001 BRCA_1895
005 20190320203607.0
008 850719s1985 sp-a---##b---#000-0#spa-#
020 _a8437605016
040 _aDLC
_cDLC
_dDLC
050 4 _aN5202.E8
_b.M67 1985
100 1 _aMorán Turina, José Miguel
_95851
245 1 0 _aEl coleccionismo en España
_bde la cámara de maravillas a la galería de pinturas
_cJ. Miguel Morán, Fernando Checa.
260 _aMadrid
_bCátedra
_cc1985
300 _a306 p.
_bil.
_c21 cm.
440 0 _aEnsayos arte cátedra
_95852
504 _aIncluye referencias bibliográficas
650 1 4 _aColeccionistas y colecciones
_xHistoria
_zEspaña
_95853
700 1 _aCheca Cremades, Fernando
_95854
942 _2lcc
_cB
999 _c1670
_d1670